Culture Générale - Clic Quiz - La réponse est en image #11 - Statistiques

Statistiques générales
  • Ce quiz a été pris 726 fois
  • Le résultat moyen est 29 sur 40
Statistiques - réponses
Hint Réponse % Correct
Diego dans Dora l'exploratrice
90%
NASA
89%
Alfredo dans Ratatouille
89%
Lynx
88%
Alpaga
88%
Sammy dans Scooby-Doo
88%
Emmental
87%
Pangolin
87%
Camembert
87%
Fennec
86%
Roquefort
86%
Bretagne
85%
Nikola Karabatic (Handball)
84%
Daim
84%
Mimolette
83%
Esteban dans Les Mystérieuses Cités d'Or
82%
Comté AOP
81%
Taylor Swift
79%
Thomas dans Olive et Tom
79%
Ariana Grande
78%
ONU
78%
Miley Cyrus
73%
Katy Perry
73%
Christina Aguilera
71%
Saddam Hussein (Ancien président de l'Irak)
64%
Traité sur l'Antarctique
64%
Zaccharie Risacher (Basket)
62%
Fidel Castro (Ancien président de Cuba)
61%
Michael Olise (Football)
59%
OTAN
58%
Bassa Mawem (Escalade)
57%
Mikhaïl Gorbatchev (Ancien dirigeant de l'URSS)
56%
Normandie
54%
Earvin N'Gapeth (Volley)
54%
Mouammar Kadhafi (Ancien dirigeant de la Libye)
53%
Hugo Chávez (Ancien président du Venezuela)
52%
Limousin
51%
Lorraine
47%
OMC
44%
Champagne Ardenne
28%
Aucun quiz correspondant
Distribution des résultats
% des personnes avec chaque résultat
Percentile par nombre de réponses
Votre historique - résultats
Vous n’avez pas pris ce quiz